[Event "Mayors Cup Open"]
[Site "Mumbai IND"]
[Date "2008.05.11"]
[Round "1"]
[White "Borkar,Y"]
[Black "Himanshu,Sh"]
[Result "0-1"]
[WhiteElo "1797"]
[BlackElo "2412"]

1.e4 c5 2.Nf3 Nc6 3.d4 cxd4 4.Nxd4 e6 5.Nc3 Qc7 6.Be3 a6 7.Be2 Nf6 8.h3 Bb4
9.Bf3 Ne5 10.Bd2 Nc4 11.Qc1 Nxd2 12.Qxd2 b5 13.O-O Bxc3 14.bxc3 Bb7 15.Rfe1 d6
16.a4 bxa4 17.Rxa4 O-O 18.Rb4 Rab8 19.Rxb7 Rxb7 20.e5 dxe5 21.Bxb7 Qxb7 22.Rxe5 Qc7
23.Nf3 h6 24.Re1 Rd8 25.Qe2 a5 26.c4 a4 27.Ne5 a3 28.Ra1 Ra8 29.Qe3 a2 30.c5 Nd5
31.Qe4 Qxc5 32.c4 Nb6 33.Qf4 Qc7 34.Qe3 Nxc4 35.Nd3 Nxe3 36.fxe3  0-1

[Event "Kaupthing Open"]
[Site "Differdange LUX"]
[Date "2008.05.12"]
[Round "4"]
[White "Wagner,Stev"]
[Black "Dembo,Y"]
[Result "1/2-1/2"]
[WhiteElo "2134"]
[BlackElo "2429"]

1.e4 c5 2.Nf3 e6 3.d4 cxd4 4.Nxd4 Nc6 5.Nc3 Qc7 6.g3 a6 7.Bg2 d6 8.O-O Bd7
9.Kh1 Nf6 10.h3 h5 11.Nce2 Be7 12.c3 Rd8 13.b4 Ne5 14.a4 Nc4 15.b5 a5 16.Qd3 Rc8
17.Nc2 Ne5 18.Qd1 Nc4 19.Ne3 Nxe3 20.Bxe3 e5 21.f4 Be6 22.Re1 Bc4 23.Nc1 Rd8
24.Qc2 d5 25.Qf2 Qd7 26.Bb6 Rc8 27.exd5 e4 28.Ne2 Nxd5 29.Bd4 f5 30.Bxg7 Rg8
31.Bd4 Qe6 32.Rg1 Kf7 33.Bf1 Rg6 34.Be5 Bc5 35.Nd4 Bxd4 36.Bxd4 Bxf1 37.Raxf1  1/2-1/2

[Event "43rd Capablanca Memorial Open"]
[Site "Havana CUB"]
[Date "2008.05.12"]
[Round "5"]
[White "Sanchez,V"]
[Black "Borges Mateos,J"]
[Result "1/2-1/2"]
[WhiteElo "2210"]
[BlackElo "2474"]

1.e4 e6 2.d4 c5 3.Nf3 cxd4 4.Nxd4 Nc6 5.Nc3 Qc7 6.f4 a6 7.Nxc6 bxc6 8.e5 d5
9.exd6 Bxd6 10.Ne4 Be7 11.Bd3 Nf6 12.O-O O-O 13.Qe2 c5 14.Bd2 Bb7 15.Bc3 Nxe4
16.Bxe4 Bxe4 17.Qxe4 Rfe8 18.Rf3 Rad8 19.f5 exf5 20.Qxf5 Bd6 21.Bxg7 Kxg7
22.Qf6+ Kg8 23.Qg5+ Kh8 24.Qf6+ Kg8 25.Qg5+ Kf8 26.Qh6+ Kg8 27.Qg5+  1/2-1/2

[Event "ENCI Limburg Open"]
[Site "Maastricht NED"]
[Date "2008.05.12"]
[Round "6"]
[White "Scheeren,P"]
[Black "Miesen,F"]
[Result "0-1"]
[WhiteElo "2435"]
[BlackElo "2165"]

1.e4 c5 2.Nc3 e6 3.Nf3 Nc6 4.d4 cxd4 5.Nxd4 Qc7 6.Be3 a6 7.a3 Nf6 8.Be2 Be7
9.O-O O-O 10.f4 d6 11.Kh1 Na5 12.Qe1 Nc4 13.Bxc4 Qxc4 14.Qe2 Qxe2 15.Ndxe2 b5
16.Rad1 Bb7 17.Ng3 Rac8 18.Bd4 Rc4 19.Rfe1 Rfc8 20.Re2 R4c6 21.Kg1 Nd7 22.f5 Nb6
23.Bxb6 Rxb6 24.Nb1 a5 25.c3 b4 26.axb4 axb4 27.cxb4 Rxb4 28.Nc3 Ba6 29.Red2 Rcb8
30.Ra1 Bc4 31.Ra4 Rxa4 32.Nxa4 d5 33.Nc3 Bg5 34.Rd1 Be3+ 35.Kh1 Rxb2 36.exd5 exd5
37.Ra1 Rb8 38.Nd1 Bd4 39.Rc1 Re8 40.h4 g6 41.Nc3 Re3 42.Nce4 gxf5 43.Nd6 Rxg3
44.Nxc4 dxc4 45.Rxc4 Rg4 46.g3 Be5 47.Rc5 f6 48.Kg2 Rxg3+ 49.Kf2 Rg4 50.Kf3 Rxh4  0-1

[Event "ENCI Limburg Open"]
[Site "Maastricht NED"]
[Date "2008.05.12"]
[Round "7"]
[White "Swinkels,R"]
[Black "Klimov,S"]
[Result "1/2-1/2"]
[WhiteElo "2448"]
[BlackElo "2484"]

1.e4 c5 2.Nf3 e6 3.d4 cxd4 4.Nxd4 Nc6 5.Nc3 Qc7 6.Be3 Nf6 7.Qd2 Bb4 8.f3 Nxd4
9.Qxd4 Bxc3+ 10.bxc3 O-O 11.Qc5 Qb8 12.Bg5 d6 13.Qd4 e5 14.Qd2 Qc7 15.Bd3 Nd7
16.O-O Nb6 17.Rfd1 f6 18.Be3 Be6 19.a4 Rfd8  1/2-1/2

[Event "ENCI Limburg Open"]
[Site "Maastricht NED"]
[Date "2008.05.12"]
[Round "7"]
[White "Bok,B"]
[Black "Michielsen,J"]
[Result "1/2-1/2"]
[WhiteElo "2180"]
[BlackElo "2326"]

1.e4 c5 2.Nf3 e6 3.d4 cxd4 4.Nxd4 Nc6 5.Nc3 Qc7 6.Be2 a6 7.O-O Nf6 8.Be3 Be7
9.f4 d6 10.Qe1 O-O 11.Qg3 Nxd4 12.Bxd4 b5 13.a3 Bb7 14.Kh1 Rad8 15.Rad1 Rd7
16.Bf3 Rfd8 17.Qf2 Re8 18.e5 Nd5 19.Nxd5 Bxd5 20.Bxd5 exd5 21.Qg3 Bf8 22.exd6 Qxd6
23.Be5 Qg6 24.Qh3 Qe6 25.Qxe6  1/2-1/2

[Event "Mayors Cup Open"]
[Site "Mumbai IND"]
[Date "2008.05.12"]
[Round "2"]
[White "Shiven,K"]
[Black "Das,Arg"]
[Result "1/2-1/2"]
[WhiteElo "2086"]
[BlackElo "2393"]

1.e4 c5 2.Nf3 e6 3.d4 cxd4 4.Nxd4 Nc6 5.Nc3 Qc7 6.Be3 a6 7.Bd3 Nf6 8.O-O Be7
9.Nxc6 bxc6 10.f4 d6 11.Qf3 O-O 12.Rae1 e5 13.fxe5 dxe5 14.Bc4 Kh8 15.h3 Ne8
16.Qg3 f6 17.Kh1 Bb4 18.Bd2 Nd6 19.Bb3 Bb7 20.a3 Bxc3 21.Bxc3 c5 22.Bd5 Bxd5
23.exd5 Rfd8 24.Bd2 Nc4 25.Qc3 Rxd5 26.Qxc4 Rxd2 27.Rd1 Rd6  1/2-1/2

[Event "Mayors Cup Open"]
[Site "Mumbai IND"]
[Date "2008.05.12"]
[Round "3"]
[White "Narayanan,Sr"]
[Black "Himanshu,Sh"]
[Result "0-1"]
[WhiteElo "2220"]
[BlackElo "2412"]

1.e4 c5 2.Nf3 Nc6 3.d4 cxd4 4.Nxd4 e6 5.Nc3 Qc7 6.f4 a6 7.Be3 b5 8.Qf3 Bb7
9.g4 Nxd4 10.Bxd4 b4 11.Ne2 Ne7 12.O-O-O Rc8 13.Qd3 Ng6 14.Kb1 d6 15.b3 e5
16.Bb2 exf4 17.Nd4 Ne5 18.Qd2 Be7 19.Qxf4 O-O 20.Bd3 a5 21.h4 a4 22.g5 axb3
23.cxb3 Ra8 24.Rh2 Qa5 25.Ba1 Nxd3 26.Rxd3 Qe5 27.Qxe5 dxe5 28.Nf5 Bxe4 29.Nxe7+ Kh8
30.Rd2 Rfd8 31.Bxe5 Rxd3 32.Rxd3 Rd8 33.h5 Rd7 34.Kb2 Bxd3 35.Nc6 Kg8 36.Nxb4 Be2
37.h6 gxh6 38.gxh6 f5 39.Nc6 Rd2+ 40.Kc3 Rxa2 41.Bg7 f4 42.Nb4 f3 43.Bd4 Ra1
44.Nd5 Rc1+ 45.Kd2 Rd1+ 46.Ke3 Rd3+ 47.Ke4 Rxd4+ 48.Kxd4 f2 49.Ne3 Kf7  0-1

[Event "FSGM May"]
[Site "Budapest HUN"]
[Date "2008.05.13"]
[Round "11"]
[White "Sjugirov,S"]
[Black "Akesson,R"]
[Result "1-0"]
[WhiteElo "2492"]
[BlackElo "2466"]

1.e4 c5 2.Nf3 e6 3.d4 cxd4 4.Nxd4 Nc6 5.Nc3 a6 6.g3 d6 7.Bg2 Bd7 8.O-O Nf6
9.a4 Be7 10.Be3 O-O 11.Nxc6 Bxc6 12.a5 Nd7 13.Na4 f5 14.Nb6 Nxb6 15.Bxb6 Qd7
16.Qd3 fxe4 17.Bxe4 Bxe4 18.Qxe4 d5 19.Rad1 Qc6 20.Qe3 Rae8 21.Rfe1 Bf6 22.c3 Rf7
23.Re2 Qc4 24.Red2 Qc6 25.Re1 Qc4 26.Rde2 e5 27.Rd2 Rfe7 28.h4 d4 29.Qe4 Rc8
30.Qg4 Ree8 31.cxd4 exd4 32.Red1 Qb5 33.Bxd4 Rc4 34.Qf3 Bxd4 35.Rxd4 Rxd4
36.Rxd4 Qxb2 37.Rd7 Rf8 38.Qd5+ Kh8 39.Qf7 Rg8 40.Qd5 Rf8 41.Rf7 Rb8 42.Qd6 Rg8
43.Qc7 h6 44.Kh2 Qb5 45.Qc3 b6 46.axb6 Qxb6 47.Kg2 a5 48.Rc7 a4 49.Rc6 Qb7
50.Kh2 Kh7 51.Qc2+ Kh8 52.Qxa4 Rf8 53.Rc2 Qf3 54.Qd4 Qf5 55.Qb2 Qf3 56.Rd2 Kh7
57.Qb1+ Kh8 58.Qe1 Qf5 59.Kg1 Qf3 60.Rd7 Qf5 61.Qd2 Qf6 62.Rd6 Qf5 63.Qd4 Kh7
64.Rd7 Rf6 65.Qa7 Qg4 66.Qb7 Rf8 67.Kg2 Kh8 68.Rd2 Qf5 69.Re2 Qf6 70.Ra2 Qf5
71.Kg1 Qe6 72.Rb2 Qe1+ 73.Kg2  1-0

[Event "Kaupthing Open"]
[Site "Differdange LUX"]
[Date "2008.05.13"]
[Round "5"]
[White "Dembo,Y"]
[Black "Gretarsson,Hj"]
[Result "1-0"]
[WhiteElo "2429"]
[BlackElo "2291"]

1.e4 c5 2.Nf3 e6 3.d4 cxd4 4.Nxd4 Nc6 5.Nc3 Qc7 6.Be3 a6 7.Bd3 Nf6 8.Qe2 b5
9.Nxc6 dxc6 10.a4 Bb7 11.O-O Bd6 12.f4 e5 13.f5 h6 14.Qf3 Ke7 15.Rae1 Rad8
16.Bf2 Qa5 17.Ra1 Qc7 18.Kh1 Rhe8 19.Bh4 Bc5 20.Ne2 Kd7 21.Be1 Ke7 22.Bc3 Kf8
23.g4 Bd4 24.axb5 Bxc3 25.bxa6 Bxb2 26.Rab1 Ba8 27.Rxb2 c5 28.Rb3 Rd4 29.Nxd4 exd4
30.Qg3 Rxe4 31.Bxe4 Bxe4+ 32.Kg1 Qxg3+ 33.hxg3 Ba8 34.a7  1-0

[Event "11th IHEM"]
[Site "Hamburg GER"]
[Date "2008.05.13"]
[Round "4"]
[White "Huschenbeth,N"]
[Black "Ftacnik,L"]
[Result "1/2-1/2"]
[WhiteElo "2453"]
[BlackElo "2542"]

1.e4 c5 2.Nf3 Nc6 3.d4 cxd4 4.Nxd4 e6 5.Nc3 Qc7 6.Be3 a6 7.Qd2 Nf6 8.f3 Bb4
9.O-O-O Ne5 10.Nb3 b5 11.Qd4 Nc6 12.Qb6 Qxb6 13.Bxb6 Bxc3 14.bxc3 d5 15.Nc5 O-O
16.g4 dxe4 17.Rd6 Ne5 18.g5 Ne8 19.Rd1 exf3 20.Bd3 Nd6 21.Bc7 Nxd3+ 22.cxd3 Nb7
23.Ne4 Bd7 24.Rhf1 Rac8 25.Bb6 e5 26.Rde1 Rc6 27.Bg1 Bg4 28.Nf2 Be6 29.Nd1 Rd8
30.Kc2 f6 31.gxf6 gxf6 32.Rxf3 Bxa2 33.Ref1 Kg7 34.Ne3 Be6 35.Bf2 Nc5 36.Bh4 Nd7
37.Rxf6 Bb3+ 38.Kxb3 Nxf6 39.Ng4 Nxg4 40.Bxd8 Nxh2 41.Rg1+ Rg6 42.Re1 Ng4
43.Bc7 h5 44.Bxe5+ Nxe5 45.Rxe5 Rh6 46.Re3 h4 47.Rh3 Kf6 48.c4 bxc4+ 49.dxc4 Kg5
50.c5 Kg4 51.Rc3 h3 52.c6 h2 53.c7 Rh8 54.Rc4+ Kg5 55.Rc5+ Kf6 56.c8=Q Rxc8
57.Rh5  1/2-1/2

[Event "Kaupthing Open"]
[Site "Differdange LUX"]
[Date "2008.05.14"]
[Round "6"]
[White "Berend,F"]
[Black "Kristjansson,St"]
[Result "0-1"]
[WhiteElo "2350"]
[BlackElo "2485"]

1.e4 c5 2.Nf3 e6 3.d4 cxd4 4.Nxd4 Nc6 5.Nc3 Qc7 6.Be3 a6 7.Qd2 Nf6 8.O-O-O Be7
9.f3 h5 10.Kb1 b5 11.Nb3 d6 12.Qf2 Rb8 13.Be2 Ne5 14.Ba7 Rb7 15.Bd4 Bd7 16.Rhe1 a5
17.Qf1 b4 18.Nb5 Qb8 19.a4 bxa3 20.Nxa3 Nc6 21.Ba6 Nxd4 22.Rxd4 Rb6 23.Ka1 a4
24.Nd2 e5 25.Rd5 Nxd5 26.exd5 Rxb2 27.Nac4 a3 28.Qd3 O-O 29.Qxa3 Rb4 30.Rb1 Rxb1+
31.Nxb1 Qa7 32.Bb5 Ra8 33.Bxd7 Qd4+ 34.c3 Rxa3+ 35.Ncxa3 Qxd5 36.Nc2 e4 37.Nb4 Qa8+
38.Kb2 exf3 39.Bc6 Qxc6 40.Nxc6 fxg2 41.Nxe7+ Kf8  0-1

[Event "11th IHEM"]
[Site "Hamburg GER"]
[Date "2008.05.14"]
[Round "5"]
[White "Hebbinghaus,H"]
[Black "Iotov,V"]
[Result "1/2-1/2"]
[WhiteElo "2297"]
[BlackElo "2531"]

1.e4 c5 2.Nf3 e6 3.d4 cxd4 4.Nxd4 Nc6 5.Nc3 Qc7 6.Be3 a6 7.Bd3 Nf6 8.O-O Ne5
9.Nf3 Nfg4 10.Nxe5 Nxe3 11.Qh5 g6 12.Qf3 Qxe5 13.fxe3 f6 14.Qxf6 Qxf6 15.Rxf6 Bg7
16.Rf3 b5 17.Raf1 Bb7 18.Rf7 Be5 19.a4 Bxc3 20.bxc3 bxa4 21.e5 a3 22.R7f4 Ke7
23.Rf7+ Ke8 24.R7f4 Bc6 25.Ra1 a5 26.Rxa3 Ke7 27.Rh4 g5 28.Rxh7+ Rxh7 29.Bxh7 a4
30.Bd3 Ra5 31.Kf2 Rxe5 32.e4 Kf6 33.h3 Ra5 34.Ke3 Ke5 35.c4 Ra8 36.c3 Ra7
37.Bc2 d6 38.Bd3 Rb7 39.Bc2 Rb2 40.Bxa4 Bxe4 41.Bd1 Bxg2 42.Bg4 Rc2 43.Ra5+ d5
44.cxd5 exd5 45.Rc5 Be4 46.Rc6 Rxc3+ 47.Rxc3 d4+ 48.Kd2 dxc3+ 49.Kxc3 Bf5
50.Bxf5 Kxf5 51.Kd3 Kf4 52.h4 gxh4 53.Ke2  1/2-1/2

[Event "Mayors Cup Open"]
[Site "Mumbai IND"]
[Date "2008.05.14"]
[Round "5"]
[White "Hapse,S"]
[Black "Kulkarni,C"]
[Result "0-1"]
[WhiteElo "1890"]
[BlackElo "2210"]

1.e4 c5 2.Nf3 e6 3.d4 cxd4 4.Nxd4 Nc6 5.Nc3 Qc7 6.f4 a6 7.a4 d6 8.Be2 Nf6
9.Be3 Be7 10.O-O O-O 11.Nb3 b6 12.Bd3 Bb7 13.g4 Rfe8 14.g5 Nd7 15.Qg4 Nf8
16.Rf3 Rad8 17.Rh3 g6 18.Qh4 Nb4 19.Qf2 Nxd3 20.cxd3 Nd7 21.f5 exf5 22.exf5 Ne5
23.d4 Ng4 24.Qh4 h5 25.d5 Bf8 26.Bd4 Bg7 27.f6 Bf8 28.Rd1 Bc8 29.Rhd3 Bf5
30.R3d2 Ne5 31.Qf2 Rb8 32.Bxe5 Rxe5 33.Nd4 Bg4 34.Re1 Rbe8 35.Rxe5 dxe5 36.Qe1 Qc5
37.Kg2 exd4 38.Qxe8 dxc3 39.bxc3 Qxc3 40.Qe1 Qf3+  0-1

[Event "Frank K Berry ch-USA"]
[Site "Tulsa USA"]
[Date "2008.05.14"]
[Round "2"]
[White "Becerra Rivero,J"]
[Black "Fedorowicz,J"]
[Result "1-0"]
[WhiteElo "2575"]
[BlackElo "2459"]

1.e4 c5 2.Nf3 Nc6 3.d4 cxd4 4.Nxd4 e6 5.Nc3 Qc7 6.Be3 a6 7.Bd3 Nf6 8.O-O Ne5
9.f4 Neg4 10.Bd2 Bc5 11.Ne2 e5 12.fxe5 Qxe5 13.Bf4 Bxd4+ 14.Kh1 Qc5 15.Nxd4 Qxd4
16.e5 Nf2+ 17.Rxf2 Qxf2 18.exf6 d6 19.Qe1+ Qxe1+ 20.Rxe1+ Be6 21.fxg7 Rg8
22.Bh6 Kd7 23.Bxh7 Rge8 24.Bg5 Bxa2 25.Rxe8 Rxe8 26.h4 f6 27.Bxf6 Bg8 28.Bf5+  1-0

[Event "43rd Capablanca Memorial Open"]
[Site "Havana CUB"]
[Date "2008.05.15"]
[Round "8"]
[White "Linares Napoles,O"]
[Black "Sanchez,V"]
[Result "1-0"]
[WhiteElo "2287"]
[BlackElo "2210"]

1.e4 c5 2.Nf3 Nc6 3.Nc3 e6 4.d4 cxd4 5.Nxd4 Qc7 6.Be3 a6 7.Qd2 Nf6 8.f3 Bb4
9.g4 h6 10.a3 Be7 11.Rg1 d6 12.h4 Nd7 13.g5 hxg5 14.hxg5 g6 15.f4 Na5 16.O-O-O Nb6
17.Nd5 Nxd5 18.exd5 exd5 19.Qg2 Nc4 20.Bxc4 Qxc4 21.f5 Rh4 22.fxg6 fxg6 23.Rh1 Re4
24.Rh8+ Kd7 25.Qf2 b5 26.Rd3 Bb7 27.Rxa8 Bxa8 28.Rc3 Qa4 29.Qf3 Rxd4 30.Bxd4 Qxd4
31.Qh3+ Ke8 32.Rc8+ Kf7 33.Qh7+ Ke6 34.Qxg6+  1-0

[Event "Mayors Cup Open"]
[Site "Mumbai IND"]
[Date "2008.05.15"]
[Round "6"]
[White "Mishra,S"]
[Black "Prince,Ba"]
[Result "1-0"]
[WhiteElo "2278"]
[BlackElo "2000"]

1.e4 c5 2.Nf3 e6 3.d4 cxd4 4.Nxd4 Nc6 5.Nc3 Qc7 6.g3 a6 7.Bg2 d6 8.O-O Bd7
9.Be3 Be7 10.f4 Na5 11.Nb3 Nc4 12.Bd4 Nf6 13.Qc1 e5 14.Bf2 O-O 15.Nd2 Nxd2
16.Qxd2 Bc6 17.a4 Ng4 18.Be1 Qb6+ 19.Kh1 Ne3 20.Qf2 Qa7 21.Rg1 Nxg2 22.Qxg2 f5
23.Nd5 Bxd5 24.exd5 e4 25.g4 Bf6 26.gxf5 Rae8 27.Bb4 Qb6 28.c3 Qc7 29.Rae1 Qe7
30.Re3 b5 31.a5 Kh8 32.Rge1 Bh4 33.R1e2 Qd7 34.Rxe4 Rxe4 35.Qxe4 h6 36.Qe6 Qxe6
37.dxe6 Be7 38.Rd2 Rd8 39.Kg2 Kg8 40.Kf3 Kf8 41.Ke4 Ke8 42.Kd5 Rc8 43.b3  1-0

[Event "TCh-ISR"]
[Site "Israel ISR"]
[Date "2008.05.16"]
[Round "8"]
[White "Gruenfeld,Y"]
[Black "Shutzman,J"]
[Result "1-0"]
[WhiteElo "2490"]
[BlackElo "2324"]

1.e4 c5 2.Nc3 e6 3.Nge2 Nc6 4.d4 cxd4 5.Nxd4 d6 6.Be3 Nf6 7.f4 e5 8.Nf3 Ng4
9.Qd2 Nxe3 10.Qxe3 exf4 11.Qxf4 Be7 12.O-O-O O-O 13.Kb1 Be6 14.h4 Qa5 15.Nd5 Rac8
16.Bc4 Bxd5 17.Rxd5 Qb4 18.Bb3 Na5 19.Qd2 Qxd2 20.Nxd2 Nxb3 21.axb3 Rc5 22.Rd4 Rc6
23.Nc4 b5 24.Ne3 Bf6 25.Nd5 Bd8 26.g3 Re8 27.Rhd1 Ba5 28.b4 Bd8 29.Nc3 Bb6
30.Rxd6 Rc4 31.Nxb5 Rxb4 32.R6d5 Bf2 33.c3 Ra4 34.Nd6 Rb8 35.R1d3 g6 36.Rf3 Be1
37.Rd1 Rd8 38.e5 Re4 39.Nxe4 Rxd1+ 40.Kc2 Ra1 41.Rf1 a5 42.Ng5 a4 43.Nf3  1-0

[Event "Mayors Cup Open"]
[Site "Mumbai IND"]
[Date "2008.05.16"]
[Round "8"]
[White "Adhiban,B"]
[Black "Kunte,A"]
[Result "0-1"]
[WhiteElo "2421"]
[BlackElo "2547"]

1.e4 c5 2.Nf3 e6 3.d4 cxd4 4.Nxd4 Nc6 5.Nc3 Qc7 6.Be2 a6 7.O-O Nf6 8.Be3 Be7
9.f4 d6 10.a4 O-O 11.Kh1 Re8 12.Bf3 Rb8 13.Qd2 Bd7 14.Nb3 b6 15.g4 Bc8 16.g5 Nd7
17.Bg2 Na5 18.Qf2 Nc4 19.Bc1 Bf8 20.Nd4 Na5 21.f5 Ne5 22.Nce2 Nac6 23.Ra3 Nxd4
24.Nxd4 Bb7 25.Rh3 g6 26.Qh4 h5 27.gxh6 Kh7 28.fxe6 fxe6 29.Nf3 Be7 30.Bg5 Nf7
31.Bf6 Bc6 32.Ng5+ Nxg5 33.Qxg5 Rb7 34.Rg3 Rg8 35.h4 Qd8 36.Bxe7 Rxe7 37.Rf6 Qe8
38.b3 b5 39.a5 d5 40.e5 d4 41.Bxc6 Qxc6+ 42.Rff3 Rf7 43.h5 Qxf3+ 44.Rxf3 Rxf3
45.Qe7+ Kxh6 46.Qxe6 Rg7 47.Qxa6 Kxh5 48.e6 Kg4 49.Qc8 Rh7+ 50.Kg1 Rg3+ 51.Kf1 Rh1+
52.Kf2 Rc3  0-1

[Event "11th North American FIDE Inv"]
[Site "Chicago USA"]
[Date "2008.05.17"]
[Round "2"]
[White "Monokroussos,D"]
[Black "Ginsburg,M"]
[Result "0-1"]
[WhiteElo "2327"]
[BlackElo "2365"]

1.e4 c5 2.Nf3 e6 3.d4 cxd4 4.Nxd4 Nc6 5.Nc3 Qc7 6.Be3 Nf6 7.Qd2 Bb4 8.f3 Nxd4
9.Bxd4 e5 10.Be3 Bxc3 11.Qxc3 Qxc3+ 12.bxc3 d6 13.c4 Be6 14.Rb1 b6 15.a4 Ke7
16.a5 Nd7 17.Kd2 Rhc8 18.Bd3 bxa5 19.Ra1 Bxc4 20.Rxa5 Bxd3 21.Kxd3 a6 22.Rb1 Rc6
23.Rb7 Kd8 24.h4 Kc8 25.Rb2 Kc7 26.Rba2 Nf8 27.h5 Ne6 28.R5a4 g6 29.h6 f5
30.Rb4 fxe4+ 31.fxe4 a5 32.Rb1 Nc5+ 33.Bxc5 Rxc5 34.Rab2 Kd7 35.Rf1 Rc7 36.c4 a4
37.Kc3 Ke6 38.Rbf2 a3 39.Ra1 Ra4 40.Kb3 Rcxc4 41.Raf1 Rcb4+ 42.Kc3 Rxe4 43.Rf6+ Kd5
44.Rf7 Rf4 45.Rd1+ Rad4 46.Rxf4 Rxd1 47.Ra4 Rh1 48.Rxa3 Rxh6  0-1

[Event "Kaupthing Open"]
[Site "Differdange LUX"]
[Date "2008.05.17"]
[Round "9"]
[White "Dembo,Y"]
[Black "Berend,E"]
[Result "1/2-1/2"]
[WhiteElo "2429"]
[BlackElo "2303"]

1.e4 c5 2.Nf3 e6 3.d4 cxd4 4.Nxd4 Nc6 5.Nc3 a6 6.Nxc6 bxc6 7.Bd3 d5 8.O-O Nf6
9.Qf3 Be7 10.e5 Nd7 11.Qg3 g6 12.Bh6 Bf8 13.Bxf8 Kxf8 14.Kh1 Qb6 15.Rab1 c5
16.b3 Qa5 17.Ne2 Bb7 18.b4 cxb4 19.Qf4 Kg7 20.Ng3 h5 21.h4 Qc7 22.Rxb4 a5
23.Rb3 a4 24.Rbb1  1/2-1/2

[Event "Kaupthing Open"]
[Site "Differdange LUX"]
[Date "2008.05.17"]
[Round "9"]
[White "Raykhman,A"]
[Black "Berend,F"]
[Result "1-0"]
[WhiteElo "2242"]
[BlackElo "2350"]

1.e4 c5 2.Nf3 e6 3.d4 cxd4 4.Nxd4 Nc6 5.Nc3 d6 6.g4 a6 7.Be3 Nge7 8.g5 h6
9.gxh6 g6 10.Qd2 Nxd4 11.Qxd4 e5 12.Qd2 Bg4 13.Bg2 Ng8 14.f3 Be6 15.O-O-O Rc8
16.Kb1 Nxh6 17.f4 exf4 18.Bd4 Rh7 19.Qxf4 Qa5 20.Nd5 Bxd5 21.exd5 Be7 22.Rhe1 Nf5
23.Bf6 Rc7 24.c3 Kf8 25.Rxe7 Rxe7 26.Bxe7+ Kxe7 27.Re1+ Kf8 28.Be4 Rh4 29.Qg5 Kg7
30.Qg1 Nh6 31.Qd4+ Kg8 32.Qf6 Rxh2 33.Bxg6 Qa4 34.Rg1 Kf8 35.Qh8+ Ng8 36.Qxh2 fxg6
37.Qxd6+ Kg7 38.Qxg6+  1-0

[Event "Kaupthing Open"]
[Site "Differdange LUX"]
[Date "2008.05.17"]
[Round "9"]
[White "Wagener,Cl"]
[Black "Stull,N"]
[Result "1-0"]
[WhiteElo "2275"]
[BlackElo "2185"]

1.e4 c5 2.Nf3 e6 3.Nc3 Nc6 4.d4 cxd4 5.Nxd4 a6 6.Be3 Nf6 7.Bd3 Qc7 8.O-O Be7
9.Kh1 O-O 10.f4 d6 11.a4 e5 12.fxe5 dxe5 13.Nf5 Bxf5 14.Rxf5 Rad8 15.Bg5 Nb4
16.Bxf6 Bxf6 17.Qe2 Rd6 18.Bc4 Nxc2 19.Bxf7+ Qxf7 20.Qxc2 Rc8 21.Raf1 Qc4
22.Qf2 Qd4 23.Qf3 Qd3 24.Qg4 Rxc3 25.bxc3 Qxc3 26.R5f3 Qc6 27.a5 h6 28.Qg6 Qd7
29.h3 Qd8 30.Kh2 Kh8 31.Qf7 Rd7 32.Qg6 Rd6 33.Qg4 Qxa5 34.Rc1 Rc6 35.Rxc6 bxc6
36.Qc8+ Kh7 37.Qxc6 Qb4 38.Qd7 Qb6 39.Qf5+ Kh8 40.Rc3 Kg8 41.Rc8+ Kf7 42.Qh5+ Ke7
43.Re8+ Kd6 44.Qf7 Qf2 45.Re6+ Kc5 46.Qa7+  1-0

[Event "Kaupthing Open"]
[Site "Differdange LUX"]
[Date "2008.05.17"]
[Round "9"]
[White "Jansa,Vl"]
[Black "Gretarsson,Hj"]
[Result "1-0"]
[WhiteElo "2489"]
[BlackElo "2291"]

1.e4 c5 2.Nf3 e6 3.Nc3 Nc6 4.d4 cxd4 5.Nxd4 Qc7 6.g3 d6 7.Bg2 Bd7 8.Ndb5 Qb8
9.Bf4 Ne5 10.Qd4 g5 11.Bxg5 a6 12.Na3 b5 13.Nd1 Bg7 14.Qd2 b4 15.Nb1 Nc4
16.Qc1 Qb7 17.O-O Rc8 18.Nd2 Ne5 19.c4 bxc3 20.Nxc3 Nd3 21.Qc2 Nxb2 22.e5 Qb4
23.Nde4 Bxe5 24.Rab1 Rxc3 25.Nxc3 Qxc3 26.Qxc3 Bxc3 27.Rfc1 Be5 28.Rc2 d5
29.Rcxb2 Bxb2 30.Rxb2 Ne7 31.Bf6 Rg8 32.Rb8+ Nc8 33.Bf1 Rg6 34.Be5 f6 35.Bc3 Ke7
36.Bb4+ Kf7 37.Bxa6 Rg8 38.Rb7 Ke8 39.Be2 Kd8 40.a4 d4 41.a5 Rg5 42.a6 Bc6
43.f4 Rd5 44.Bd3 Bxb7 45.axb7 Rb5 46.Ba5+  1-0

[Event "11th IHEM"]
[Site "Hamburg GER"]
[Date "2008.05.17"]
[Round "9"]
[White "Huschenbeth,N"]
[Black "Kroencke,M"]
[Result "0-1"]
[WhiteElo "2453"]
[BlackElo "2174"]

1.e4 c5 2.Nf3 e6 3.d4 cxd4 4.Nxd4 Nc6 5.Nc3 Qc7 6.Be3 a6 7.Qd2 Nf6 8.O-O-O Bb4
9.f3 Ne5 10.Nb3 b5 11.Qd4 Nc6 12.Qb6 Qxb6 13.Bxb6 Bxc3 14.bxc3 d5 15.Be2 O-O
16.Nc5 Ne5 17.Bc7 Nc4 18.Bxc4 bxc4 19.Be5 Rd8 20.Bxf6 gxf6 21.Rd4 Rd6 22.exd5 Rxd5
23.Rhd1 Rxc5 24.Rg4+ Rg5 25.Rd8+ Kg7 26.Rxc4 Bb7 27.Rd7 Bd5 28.Rcc7 Rf8 29.c4 Ba8
30.Rd2 Rb8 31.Rdd7 Rf8 32.Rd2 h5 33.h4 Rf5 34.Rd6 Ra5 35.Rdc6 Rxa2 36.Rd6 Ra1+
37.Kb2 Rg1 38.Rd2 Rh1 39.Ra7 Rxh4 40.Kc3 Rc8 41.Rdd7 Rhxc4+ 42.Kd3 Rc3+ 43.Kd2 Rxc2+
44.Kd3 Ra2 45.Rxf7+ Kg6 46.Rg7+ Kf5 47.g4+ hxg4 48.fxg4+ Kf4 49.Rae7 Bd5  0-1

[Event "43rd Capablanca Memorial Open"]
[Site "Havana CUB"]
[Date "2008.05.17"]
[Round "10"]
[White "Ibarra Chami,L"]
[Black "Otero,D"]
[Result "1/2-1/2"]
[WhiteElo "2369"]
[BlackElo "2442"]

1.e4 c5 2.Nc3 e6 3.Nf3 Nc6 4.d4 cxd4 5.Nxd4 Nf6 6.Ndb5 d6 7.Bf4 e5 8.Bg5 a6
9.Na3 b5 10.Nd5 Be7 11.Bxf6 Bxf6 12.c3 Bg5 13.Nc2 Rb8 14.a4 bxa4 15.Ncb4 Nxb4
16.Nxb4 Bd7 17.Qxd6 Be7 18.Qxe5 O-O 19.Nd5 Re8 20.Qd4 Bc6 21.Bc4 Bxd5 22.Bxd5 a3
23.bxa3 Bf6 24.Qd3 Bxc3+ 25.Qxc3 Qxd5 26.O-O Qxe4  1/2-1/2

[Event "Mayors Cup Open"]
[Site "Mumbai IND"]
[Date "2008.05.17"]
[Round "9"]
[White "Sahu,V"]
[Black "Ramakrishna,J"]
[Result "1/2-1/2"]
[WhiteElo "2058"]
[BlackElo "2300"]

1.e4 c5 2.Nf3 e6 3.d4 cxd4 4.Nxd4 Nc6 5.Nc3 Qc7 6.Be3 a6 7.Bd3 b5 8.O-O Bb7
9.Nb3 d6 10.a4 b4 11.Ne2 Nf6 12.a5 Be7 13.f4 Rc8 14.Ng3 h5 15.e5 dxe5 16.f5 h4
17.Ne4 exf5 18.Nxf6+ Bxf6 19.Bxf5 Rd8 20.Qg4 Nd4 21.Nxd4 exd4 22.Bf4 Qc5
23.Rae1+ Kf8 24.h3 d3+ 25.Kh1 dxc2 26.Be3 Qxa5 27.Bxc2 Rh5 28.Bb6 Qb5 29.Ba4 Qxb6
30.Qxh5 g6 31.Qh6+ Bg7 32.Qf4 Bd5 33.Qxh4 Kg8 34.Qe7 Rf8 35.Qd7 Be6 36.Qd2 Rd8
37.Qe2 Qb7 38.Rd1 Rc8 39.Rc1 Rf8 40.Bc6 Qa7 41.Bf3 a5 42.Rc6 Bb3 43.Qd3 a4
44.Bd5 Bxd5 45.Qxd5 Qd4 46.Qxd4 Bxd4 47.Rb1 a3 48.bxa3 bxa3 49.Ra6 Bb2 50.Rxb2 axb2
51.Rb6 Ra8 52.Rxb2 Ra3 53.Kg1 Kg7 54.Rb6 g5 55.Kf2 f6 56.Rc6 Kg6 57.Rc5 Ra6
58.g4 Ra2+ 59.Kg3 Ra3+ 60.Kg2 Kf7 61.Rc6 Ra2+ 62.Kf3 Rh2 63.Kg3 Ra2 64.Rb6 Ke7
65.Kf3 Ra3+ 66.Kg2 Re3 67.Ra6 Kf7 68.Rb6 Ra3 69.Rc6 Rb3 70.Ra6 Rc3 71.Rb6  1/2-1/2

[Event "Mayors Cup Open"]
[Site "Mumbai IND"]
[Date "2008.05.17"]
[Round "9"]
[White "Mishra,S"]
[Black "Himanshu,Sh"]
[Result "0-1"]
[WhiteElo "2278"]
[BlackElo "2412"]

1.e4 c5 2.Nf3 e6 3.d4 cxd4 4.Nxd4 Nc6 5.Nc3 Qc7 6.g3 a6 7.Bg2 b5 8.a3 Bb7
9.O-O Nf6 10.Nxc6 Qxc6 11.Qe2 Rc8 12.Bg5 Be7 13.Rfe1 h6 14.Bf4 O-O 15.Rad1 Bxa3
16.Nxb5 Qxb5 17.bxa3 Qxe2 18.Rxe2 Rc4 19.Be5 Bxe4 20.Bxf6 Bxg2 21.Kxg2 gxf6
22.Rxd7 Rfc8 23.Ra7 R4c6 24.Rd2 R8c7 25.Rxc7 Rxc7 26.Rd6 a5 27.Ra6 Rc5 28.c4 f5
29.Kf3 Kg7 30.Ke3 Rxc4 31.Rxa5 Kf6 32.a4 Rc3+ 33.Kd2 Ra3 34.Ra7 Kg6 35.a5 f6
36.a6 f4 37.gxf4  0-1

[Event "Capo d'Orso Open"]
[Site "Porto Mannu Palau ITA"]
[Date "2008.05.17"]
[Round "1"]
[White "Calandri,F"]
[Black "Marshall,Mi"]
[Result "1-0"]
[WhiteElo "2123"]
[BlackElo "1910"]

1.e4 c5 2.Nf3 e6 3.d4 cxd4 4.Nxd4 Nc6 5.Nc3 Qc7 6.Be2 a6 7.O-O Nf6 8.Be3 Bb4
9.Na4 Be7 10.Nxc6 bxc6 11.Nb6 Rb8 12.Nxc8 Qxc8 13.Bd4 O-O 14.e5 Nd5 15.c4 Nf4
16.Bf3 f5 17.Qd2 Ng6 18.Bc3 Nh4 19.Be2 f4 20.Bd3 c5 21.Rfe1 Bg5 22.Be4 Qd8
23.Qd3 g6 24.Rad1 Rf7 25.Qd6 Nf5 26.Bxf5 gxf5 27.Qxc5 f3 28.gxf3 Bf4 29.Kf1 Rg7
30.Ke2 Bxh2 31.Rh1 Rg2 32.Qd6 Bg3 33.Rhf1 Qb6 34.Qxb6 Rxb6 35.b3 Rb7 36.Bd4 Bf4
37.Rh1 Kg7 38.Rdg1 Rxg1 39.Rxg1+ Kf8 40.Bc5+ Kf7 41.Bd6 h6 42.b4 Bh2 43.Rb1 Bf4
44.a4 Ke8 45.a5 Bg5 46.b5 Bd8 47.bxa6 Ra7 48.Rb8 Rxa6 49.Bc7 Rc6 50.Bxd8  1-0

[Event "VIII Mario Covas"]
[Site "Santos BRA"]
[Date "2008.05.17"]
[Round "1"]
[White "Cubas,Jo"]
[Black "Flores Rios,M"]
[Result "1/2-1/2"]
[WhiteElo "2430"]
[BlackElo "2391"]

1.e4 c5 2.Nf3 e6 3.d4 cxd4 4.Nxd4 Nc6 5.Nc3 Qc7 6.Be3 a6 7.Bd3 Nf6 8.O-O Ne5
9.h3 Bc5 10.Kh1 d6 11.f4 Ng6 12.Qe1 Bd7 13.f5 Ne5 14.Qg3 O-O 15.Nce2 Qb6
16.Rab1 Nxd3 17.cxd3 e5 18.Bh6 Nh5 19.Qg5 f6 20.Qxh5 Bxd4 21.Qg4 Rf7 22.Qg3 d5
23.Nc3 dxe4 24.Nd5 Qd8 25.dxe4 Bc6 26.Rbd1 Bxd5 27.exd5 Qxd5 28.Be3 Rd8 29.b3 Rfd7
30.Bxd4 Qe4 31.Qc3 Rxd4 32.Rxd4 Qxd4 33.Qc7 Qd7 34.Qc4+ Qf7 35.Qb4 Qc7 36.Qe4 Rd4
37.Qf3 Qd7 38.Qc3 h5 39.Kg1 h4 40.Kh1 b6 41.Qf3 a5 42.Qa8+ Qd8 43.Qc6 Kf8
44.Rc1 Rd6 45.Qf3 Kg8 46.Qh5 Rd4 47.Rc7 Rd7 48.Rc1 Rd4 49.Rc7 Rd7 50.Rc1 e4
51.Re1 e3 52.Qf3 Rd3 53.Qe4 Qd7 54.Rxe3 Rxe3 55.Qxe3 Qxf5 56.Qxb6 Qb1+ 57.Kh2 Qxa2
58.Qe6+  1/2-1/2